000 02142cam a22005054i 4500
003 PE-LiUPU
005 20250731172816.0
008 150617s r 000 0 d
020 _a8425415853
035 _a(Sirsi) i9788425415852
040 _aPE-LiUPU
_bspa
_cPE-LiUPU
_erda
049 _aPRUA
082 0 4 _a232.954
_bG81
_221
100 1 _aGrelot, Pierre,
_eautor.
245 1 4 _aLas palabras de Jesucristo /
_cPierre Grelot.
264 1 _aBarcelona :
_bHerder,
_c1988.
300 _a386 páginas ;
_c21 centímetros
336 _atext
_2rdacontent
337 _aunmediated
_2rdamedia
338 _avolume
_2rdacarrier
490 0 _aBiblioteca Herder : Sección de sagrada escritura ;
_v183
505 0 _aDirectices para la lectura. -Las dimensiones "evangélicas" de las palabras de Jesús. -La relectura postpascual de las palabras de Jesús. -Transmisión y "formulación" de las palabras de Jesús. -Estudios de textos. -Setencias aislables. -Sentencias enmarcadas. -Sobre la función específicas. -Lectura de parábolas. -Las oraciones de Jesús. -Para leer las palabras de Jesucristo.
526 _aSEG42
526 _aSEG41
526 _aSEG40
526 _aSEG39
526 _aP94
526 _aP87
526 _aP86
526 _aP85
526 _aP77
526 _aP76
526 _aP35
600 1 _aJesucristo
_xEnseñanzas
_9933
910 _ajck
_bjvq
_cjck
_d20150616
942 _2ddc
_cBOOK
949 _a232.954 G81
_wDEWEY
_c1
_i31289
_lCCODEBUL1
_mBUL
_r0
_sY
_tBOOK
_u2015-6-17
_xTEOLOGIA
_PP35
_0COMPRA
_o.STAFF. Colección General
949 _a232.954 G81
_wDEWEY
_c2
_i30388
_lCCODEBUL1
_mBUL
_r0
_sY
_tBOOK
_u2015-6-17
_xTEOLOGIA
_PP35
_0COMPRA
_o.STAFF. Colección General
994 _aC0
_bPEPRU
596 _a1
999 _a232.954 G81
_wDEWEY
_c4255
_i31289
_f2021-11-11
_g5
_lCCODEBUL1
_mBUL
_r0
_sY
_tBOOK
_u2015-6-17
_xTEOLOGIA
_PP35
_0COMPRA
_o.STAFF. Colección General
_d4255
999 _a232.954 G81
_wDEWEY
_c2
_i30388
_f2021-11-11
_g5
_lCCODEBUL1
_mBUL
_r0
_sY
_tBOOK
_u2015-6-17
_xTEOLOGIA
_PP35
_0COMPRA
_o.STAFF. Colección General
980 _81
_gALBERTO SANCHEZ Responsable de Automatización